LEADER 01909nam a2200313 i 4500 001 000000124520 003 CaOOAMICUS 005 20240725110022.0 008 040421s1998 it u000 u ita u 013 $a97217 040 $aSeMil$bita 100 1 $aTassi, Roberto,$d<1921-1996>.$0(OLS)http://semarc/name/90398 245 10$aChiesa di Santa Maria de' Ricci giā Madonna de' Ricci del secolo 16. edificata in parte sulla chiesa di Santa Maria degli Alberighi 11. secolo :$bin preparazione del Giubileo d' inizio del Terzo millennio /$cRoberto Tassi ; presentazione di Sua Em. Rev. Cardinale Silvano Piovanelli Arcivescovo di Firenze. 246 04$iTitolo in copertina:$aChiesa Madonna de' Ricci 260 $aFirenze :$bPietro Chegai,$ccopyr. 1998. 300 $a679 p. :$briccamente ill. ;$c31 cm. 490 0 $aPubblicazioni del Centro culturale dantesco 500 $aContiene : Appendice ; Bibliografia. - A pič del front. : Stemma del Centro Culturale Dantesco. - Fondo Card. C.M. Martini. 650 4$aFirenze - Chiese - Santa Margherita in Santa Maria de' Ricci.$0(OLS)http://semarc/subject/56033 700 1 $aPiovanelli, Silvano,$c.$0(OLS)http://semarc/name/26005 830 0$aPubblicazioni del Centro culturale dantesco.$0(OLS)http://semarc/title/15175 850 $aSeMil 852 $aSeMil$W1$xVenegono$y1$m5I VI 53$j79080$B79080$CSeMilBibl$Z2$F82161 $81 941 1 $a4 961 $aOmaggio: Martini Card. Carlo Maria 996 $6245$aChiesa di Santa Maria de' Ricci giā Madonna de' Ricci del secolo 16. edificata in parte sulla chiesa di Santa Maria degli Alberighi 11. secolo :$bin preparazione del Giubileo d' inizio del Terzo millennio$9(OLS)http://semarc/title/183239 996 $6246$aChiesa Madonna de' Ricci$9(OLS)http://semarc/title/183240 996 $6260$aFirenze :$bPietro Chegai$9(OLS)http://semarc/publisher/33170 LEADER 01303nam a2200253 i 4500 001 000000150330 003 CaOOAMICUS 005 20260309110058.0 008 060518s1979 it u000 u eng u 013 $a127668 040 $aSeMil$bita 100 1 $aByrne, Brendan.$0(OLS)http://semarc/name/44874 245 10$aSons of God - Seed of Abraham :$ba study of the idea of the sonship of God of all Christians in Paul against the Jewish background /$cBrendan Byrne. 260 $aRome :$bBiblical Institute Press,$c1979. 300 $aXI, 288 p. ;$c24 cm. 490 0 $aAnalecta Biblica : investigationes scientificae in res biblicas ;$v83 650 4$aBibbia. Nuovo Testamento. Lettere di Paolo - Commentari, studi, critica, interpretazioni.$0(OLS)http://semarc/subject/935 830 0$aAnalecta biblica ;$v83.$0(OLS)http://semarc/title/6 850 $aSeMil 852 $aSeMil$W1$xVenegono$y1$m2HA G 83$j265799$B102477$CSeMilBibl$Z2$F111280 $81 961 $aSottoscrizione: Pontificio Istituto Biblico 996 $6245$aSons of God - Seed of Abraham :$ba study of the idea of the sonship of God of all Christians in Paul against the Jewish background$9(OLS)http://semarc/title/219841 996 $6260$aRome :$bBiblical Institute Press$9(OLS)http://semarc/publisher/34219